Best former footballer from each club in La Liga - Statistics

General Stats
  • This quiz has been taken 26 times
    2 since last reset
  • The average score is 13 of 60
Answer Stats
Former team Footballer Actual team % Correct
Athletic Bilbao Aymeric Laporte Al Nassr
100%
AD Ceuta Christantus Uche Crystal Palace
100%
Real Betis Dani Ceballos Real Madrid
100%
Sevilla Jules Koundé FC Barcelona
100%
F.C. Barcelona Lionel Messi Inter Miami
100%
Real Madrid Martin Ødegaard Arsenal
100%
Villarreal Rodri Manchester City
100%
Real Sociedad Alexander Isak Liverpool
50%
Alcorcón Dakonam Djené Getafe
50%
Elche Fabián Ruiz Paris Saint-Germain
50%
Linares Deportivo Fermín López FC Barcelona
50%
Valencia João Cancelo Al-Hilal
50%
Fuenlabrada Luis Milla Getafe
50%
SD Eibar Marc Cucurella Chelsea
50%
Andorra Mika Marmol UD Las Palmas
50%
CA Osasuna Mikel Merino Arsenal
50%
Las Palmas Pedri FC Barcelona
50%
RCD Mallorca Takefusa Kubo Real Sociedad
50%
Atletico de Madrid Thibaut Courtois Real Madrid
50%
Barakaldo Aitor Fernández CA Osasuna
0%
Levante UD Alex Remiro Real Sociedad
0%
Castellón Álvaro Fidalgo Club America
0%
Real Oviedo Andriy Lunin Real Madrid
0%
Eldense Aridane UD Almería
0%
Tenerife Ayoze Pérez Villarreal
0%
Albacete Cristhian Stuani Girona
0%
Racing Ferrol Dani Rodríguez RCD Mallorca
0%
UD Almería Darwin Núñez Al-Hilal
0%
Cultural Leonesa Emi Buendía Aston Villa
0%
Getafe Emiliano Martínez Aston Villa
0%
Deportivo La Coruña Fede Valverde Real Madrid
0%
RCD Espanyol Gerard Moreno Villarreal
0%
Amorebieta Gorka Guruzeta Athletic Bilbao
0%
Numancia Iñigo Ruiz de Galarreta Athletic Bilbao
0%
Málaga Isco Real Betis
0%
Real Murcia Isi Palazón Rayo Vallecano
0%
Córdoba Javi Galán Atlético Madrid
0%
Cádiz Jeremías Ledesma River Plate
0%
Burgos CF Jesus Areso Athletic Bilbao
0%
Nastic Tarragona Jordi Alba Inter Miami
0%
Ponferradina Kepa Arrizabalaga AFC Bournemouth
0%
Cartagena Marcin Bulka Nice
0%
Real Sporting Moi Gómez CA Osasuna
0%
Mirandés Nicolas Jackson Bayern München
0%
UD Ibiza Patrick Soko UD Almería
0%
Rayo Vallecano Paulo Gazzaniga Girona
0%
Real Valladolid Pedro Porro Tottenham Hotspur
0%
Hércules Pepelu Valencia C.F.
0%
Granada Samu Aghehowa F.C. Porto
0%
Girona Savinho Manchester City
0%
Racing Santander Sergio Canales Monterrey C.F.
0%
UD Logroñes Sergio Reguilón Tottenham Hotspur
0%
Celta de Vigo Stanislav Lobotka Napoli
0%
Deportivo Alavés Theo Hernández AC Milan
0%
Lugo Toni Martínez Deportivo Alavés
0%
Recreativo Huelva Vicente Guaita Celta Vigo
0%
SD Huesca Yangel Herrera Real Sociedad
0%
Real Zaragoza Yassine Bounou Al-Hilal
0%
CD Leganés Youssef En-Nesyri Fenerbahce
0%
Real Unión Irún Yuri Berchiche Athletic Bilbao
0%
No matching quizzes found
Score Distribution
Percent of People with Each Score
Percentile by Number Answered
Your Score History
You have not taken this quiz since the last reset